000 02669cam a22004934a 4500
001 data
005 20260322212102.0
008 data
035 _a15089456
906 _a7
_bcbc
_corignew
_d1
_eecip
_f20
_gy-gencatlg
925 1 _aacquire
_b1 shelf copy
_xpolicy default
955 _djc18 2007-11-21
_ejc18 2007-11-21 to Dewey
_fpv03 2008-07-22 Z-CipVer
010 _a 2007047700
016 7 _a101321359
_2DNLM
020 _a9780781785624
_qalk. paper
020 _a0781785626
_qalk. paper
035 _a(OCoLC)181903792
_z(OCoLC)148734131
040 _aDNLM/DLC
_cDLC
_dDLC
_dBAKER
_dC#P
_dYDXCP
_dBTCTA
_dZQP
_dNLGGC
_dDLC
042 _apcc
050 0 0 _aRT84.5
_b.M535 2009
060 0 0 _a2008 E-292
060 1 0 _aWY 86
_bM6269 2009
082 0 0 _a610.7301
_222
084 _a44.63
_2bcl
245 0 0 _aMiddle range theories :
_bapplication to nursing research /
_c[edited by] Sandra J. Peterson, Timothy S. Bredow.
250 _a2nd ed.
260 _aPhiladelphia :
_bWolters Kluwer Health/Lippincott Williams & Wilkins,
_cc2009.
300 _axviii, 420 p. :
_bill. ;
_c24 cm.
336 _atext
_btxt
_2rdacontent
337 _aunmediated
_bn
_2rdamedia
338 _avolume
_bnc
_2rdacarrier
504 _aIncludes bibliographical references and index.
505 0 _aIntroduction to the nature of nursing knowledge / Sandra J. Peterson -- Analysis, evaluation, and selection of a middle range nursing theory / Timothy S. Bredow -- Pain : a balance between analgesia and side effects / Marion Good -- Unpleasant symptoms / Audrey Gift -- The AACN synergy model / Sonya R. Hardin -- Self-efficacy / Barbara Resnick -- Chronic sorrow / Georgene Gaskill Eakes -- Social support / Marjorie A. Schaffer -- Caring / Danuta M. Wojnar -- Interpersonal relations / Sandra J. Peterson -- Modeling and role-modeling / Ellen D. Shultz -- Comfort / Katharine Kolcaba -- Health-related quality of life / Timothy S. Bredow, Sandra J. Peterson, and Kristin E. Sandau -- Health promotion / Marjorie Cook McCullagh -- Deliberative nursing process / Mertie L. Potter -- Resilience / Joan E. Haase.
650 0 _aNursing
_xPhilosophy.
650 0 _aNursing
_xResearch.
650 0 _aNursing.
650 1 2 _aNursing Theory.
650 2 2 _aNursing Research.
700 1 _aPeterson, Sandra J.
700 1 _aBredow, Timothy S.
856 4 2 _3Publisher description
_uhttp://www.loc.gov/catdir/enhancements/fy0805/2007047700-d.html
856 4 1 _3Table of contents only
_uhttp://www.loc.gov/catdir/enhancements/fy0828/2007047700-t.html
999 _c1475
_d1475